| 000 | 00681nam a2200169 i 4500 | ||
|---|---|---|---|
| 001 | 64504 | ||
| 003 | ES-MaACL | ||
| 005 | 20230906165138.0 | ||
| 007 | t| | ||
| 008 | 031226s1947 sp ||||1| spa d | ||
| 100 | 1 |
_aFont Puig, Pedro. _951567 |
|
| 245 | 1 | 0 |
_aCausas del desenvolvimiento moderno de la psicología del niño _b: discreción y precauciones en su cultivo y aplicaciones / _cPedro Font Puig. |
| 260 |
_aBarcelona : _b[s.n., _c1947] ( _fS.A. Horta de L. y E.) |
||
| 300 |
_a24 p. ; _c19 cm. |
||
| 500 | _aEs separata de: Boletín de actividades de la Junta Provincial de Protección de Menores , año 3, Nº 13 y 14, p. 68-73. | ||
| 852 |
_aES-MaACL _j1874-F-16 _bR.25239 |
||
| 999 |
_c64504 _d64504 |
||